[Event "DVM U16w 2023"]
[Site "Magdeburg GER"]
[Date "2023.12.28"]
[Round "4"]
[White "Trunz, Tamila"]
[Black "Glowiak, Alexandra"]
[Result "1-0"]
[Termination "normal"]
[Board "1.1"]
[WhiteElo "1766"]
[BlackElo "1730"]
[WhiteClock "00:48:03"]
[BlackClock "00:16:04"]
[WhiteTeam "SG Porz"]
[BlackTeam "Chemnitzer SC Aufbau95"]
[PlyCount "115"]
[WhiteFideId "16267885"]
[BlackFideId "16259530"]
[EventCountry "GER"]
[EventRounds "7"]
[EventType "team-swiss"]
[EventDate "2023.12.26"]

1. e4 {[%clk 01:30:59]} {[%emt 00:00:01]} e5 {[%clk 01:30:59]} {[%emt
00:00:02]} 2. Nf3 {[%clk 01:31:23]} {[%emt 00:00:06]} Nc6 {[%clk 01:31:25]}
{[%emt 00:00:03]} 3. Bb5 {[%clk 01:31:49]} {[%emt 00:00:03]} a6 {[%clk
01:31:51]} {[%emt 00:00:04]} 4. Ba4 {[%clk 01:32:15]} {[%emt 00:00:04]} Nf6
{[%clk 01:31:42]} {[%emt 00:00:39]} 5. O-O {[%clk 01:31:56]} {[%emt 00:00:50]}
b5 {[%clk 01:32:04]} {[%emt 00:00:07]} 6. Bb3 {[%clk 01:32:21]} {[%emt
00:00:05]} Be7 {[%clk 01:32:21]} {[%emt 00:00:14]} 7. d4 {[%clk 01:30:31]}
{[%emt 00:02:20]} d6 {[%clk 01:19:54]} {[%emt 00:12:57]} 8. dxe5 {[%clk
01:28:31]} {[%emt 00:02:31]} dxe5 {[%clk 01:14:37]} {[%emt 00:05:46]} 9. Qxd8+
{[%clk 01:21:51]} {[%emt 00:07:10]} Bxd8 {[%clk 01:14:31]} {[%emt 00:00:36]}
10. Be3 {[%clk 01:15:11]} {[%emt 00:07:10]} Be7 {[%clk 01:06:48]} {[%emt
00:08:13]} 11. a4 {[%clk 01:10:51]} {[%emt 00:04:50]} Rb8 {[%clk 01:00:10]}
{[%emt 00:07:08]} 12. Nc3 {[%clk 01:09:04]} {[%emt 00:02:17]} Bd6 {[%clk
00:55:06]} {[%emt 00:05:34]} 13. axb5 {[%clk 01:06:24]} {[%emt 00:03:09]} axb5
{[%clk 00:55:01]} {[%emt 00:00:35]} 14. Nxb5 {[%clk 00:58:54]} {[%emt
00:07:59]} Rxb5 {[%clk 00:48:59]} {[%emt 00:06:33]} 15. Ba4 {[%clk 00:59:07]}
{[%emt 00:00:17]} Rxb2 {[%clk 00:48:23]} {[%emt 00:01:06]} 16. Bxc6+ {[%clk
00:58:37]} {[%emt 00:01:00]} Ke7 {[%clk 00:47:38]} {[%emt 00:01:15]} 17. c4
{[%clk 00:57:35]} {[%emt 00:01:32]} Bd7 {[%clk 00:42:35]} {[%emt 00:05:34]} 18.
Bxd7 {[%clk 00:56:26]} {[%emt 00:01:38]} Nxd7 {[%clk 00:41:47]} {[%emt
00:01:18]} 19. Rfc1 {[%clk 00:52:43]} {[%emt 00:04:12]} Nc5 {[%clk 00:30:54]}
{[%emt 00:11:24]} 20. Nxe5 {[%clk 00:48:30]} {[%emt 00:04:43]} Nxe4 {[%clk
00:29:54]} {[%emt 00:01:30]} 21. Bd4 {[%clk 00:44:11]} {[%emt 00:04:49]} Rd2
{[%clk 00:17:07]} {[%emt 00:13:18]} 22. Re1 {[%clk 00:36:58]} {[%emt 00:07:43]}
Rxd4 {[%clk 00:09:20]} {[%emt 00:08:17]} 23. Nc6+ {[%clk 00:37:03]} {[%emt
00:00:24]} Kf6 {[%clk 00:07:33]} {[%emt 00:02:17]} 24. Nxd4 {[%clk 00:37:22]}
{[%emt 00:00:11]} Nc5 {[%clk 00:07:45]} {[%emt 00:00:19]} 25. Ra3 {[%clk
00:35:55]} {[%emt 00:01:55]} g6 {[%clk 00:07:32]} {[%emt 00:00:45]} 26. Nb5
{[%clk 00:35:15]} {[%emt 00:01:08]} Rd8 {[%clk 00:06:09]} {[%emt 00:01:54]} 27.
Rf3+ {[%clk 00:34:53]} {[%emt 00:00:53]} Kg7 {[%clk 00:06:09]} {[%emt
00:00:30]} 28. g3 {[%clk 00:34:46]} {[%emt 00:00:37]} Ne6 {[%clk 00:06:13]}
{[%emt 00:00:26]} 29. Rd3 {[%clk 00:31:40]} {[%emt 00:03:35]} Bb4 {[%clk
00:04:28]} {[%emt 00:02:16]} 30. Rxd8 {[%clk 00:29:42]} {[%emt 00:02:28]} Bxe1
{[%clk 00:04:41]} {[%emt 00:00:17]} 31. Ra8 {[%clk 00:25:25]} {[%emt 00:04:46]}
Bb4 {[%clk 00:04:00]} {[%emt 00:01:11]} 32. Kf1 {[%clk 00:24:38]} {[%emt
00:01:17]} Kf6 {[%clk 00:03:47]} {[%emt 00:00:44]} 33. Ke2 {[%clk 00:24:22]}
{[%emt 00:00:45]} h5 {[%clk 00:03:20]} {[%emt 00:00:58]} 34. Ra6 {[%clk
00:24:01]} {[%emt 00:00:50]} Ke5 {[%clk 00:01:27]} {[%emt 00:02:24]} 35. Ra1
{[%clk 00:20:40]} {[%emt 00:03:50]} c6 {[%clk 00:00:48]} {[%emt 00:01:10]} 36.
Na7 {[%clk 00:20:25]} {[%emt 00:00:45]} Bd6 {[%clk 00:00:35]} {[%emt 00:00:43]}
37. Nxc6+ {[%clk 00:20:29]} {[%emt 00:00:25]} Kf6 {[%clk 00:00:45]} {[%emt
00:00:20]} 38. Rd1 {[%clk 00:19:50]} {[%emt 00:01:08]} Bc5 {[%clk 00:00:59]}
{[%emt 00:00:17]} 39. f4 {[%clk 00:19:01]} {[%emt 00:01:19]} h4 {[%clk
00:01:14]} {[%emt 00:00:16]} 40. Kf3 {[%clk 00:18:33]} {[%emt 00:00:57]} hxg3
{[%clk 00:01:21]} {[%emt 00:00:23]} 41. hxg3 {[%clk 00:18:44]} {[%emt
00:00:19]} g5 {[%clk 00:00:32]} {[%emt 00:01:20]} 42. Ne5 {[%clk 00:18:00]}
{[%emt 00:01:13]} gxf4 {[%clk 00:16:17]} {[%emt 00:14:46]} 43. Nd7+ {[%clk
00:47:17]} {[%emt 00:01:12]} Ke7 {[%clk 00:16:18]} {[%emt 00:00:29]} 44. Nxc5
{[%clk 00:47:16]} {[%emt 00:00:31]} Nxc5 {[%clk 00:16:47]} {[%emt 00:00:02]}
45. gxf4 {[%clk 00:46:49]} {[%emt 00:00:57]} Ke6 {[%clk 00:16:45]} {[%emt
00:00:31]} 46. Ke3 {[%clk 00:46:32]} {[%emt 00:00:47]} f6 {[%clk 00:16:13]}
{[%emt 00:01:02]} 47. Kd4 {[%clk 00:46:08]} {[%emt 00:00:53]} Nb3+ {[%clk
00:15:27]} {[%emt 00:01:17]} 48. Kc3 {[%clk 00:46:02]} {[%emt 00:00:36]} Nc5
{[%clk 00:15:52]} {[%emt 00:00:05]} 49. Kb4 {[%clk 00:46:12]} {[%emt 00:00:20]}
Na6+ {[%clk 00:15:17]} {[%emt 00:01:05]} 50. Kb5 {[%clk 00:46:26]} {[%emt
00:00:15]} Nb8 {[%clk 00:14:11]} {[%emt 00:01:37]} 51. c5 {[%clk 00:46:46]}
{[%emt 00:00:10]} Ke7 {[%clk 00:13:49]} {[%emt 00:00:53]} 52. Kb6 {[%clk
00:47:01]} {[%emt 00:00:14]} Nd7+ {[%clk 00:14:02]} {[%emt 00:00:17]} 53. Rxd7+
{[%clk 00:47:17]} {[%emt 00:00:15]} Kxd7 {[%clk 00:14:27]} {[%emt 00:00:05]}
54. Kb7 {[%clk 00:47:00]} {[%emt 00:00:46]} Ke6 {[%clk 00:14:47]} {[%emt
00:00:10]} 55. c6 {[%clk 00:47:22]} {[%emt 00:00:08]} Kf5 {[%clk 00:15:14]}
{[%emt 00:00:03]} 56. c7 {[%clk 00:47:42]} {[%emt 00:00:10]} Kxf4 {[%clk
00:15:41]} {[%emt 00:00:03]} 57. c8=Q {[%clk 00:47:59]} {[%emt 00:00:13]} f5
{[%clk 00:16:04]} {[%emt 00:00:07]} 58. Qc1+ {[%clk 00:48:03]} {[%emt
00:00:27]} 1-0

[Event "DVM U16w 2023"]
[Site "Magdeburg GER"]
[Date "2023.12.28"]
[Round "4"]
[White "Czäczine, Paula"]
[Black "Neumann, Helena"]
[Result "1/2-1/2"]
[Termination "normal"]
[Board "1.2"]
[WhiteElo "1581"]
[BlackElo "1584"]
[WhiteClock "00:07:51"]
[BlackClock "00:35:25"]
[WhiteTeam "Chemnitzer SC Aufbau95"]
[BlackTeam "SG Porz"]
[PlyCount "92"]
[WhiteFideId "16249305"]
[BlackFideId "16275365"]
[EventCountry "GER"]
[EventRounds "7"]
[EventType "team-swiss"]
[EventDate "2023.12.26"]

1. e4 {[%clk 01:30:57]} {[%emt 00:00:02]} c6 {[%clk 01:30:57]} {[%emt
00:00:04]} 2. d4 {[%clk 01:31:19]} {[%emt 00:00:07]} d5 {[%clk 01:31:24]}
{[%emt 00:00:03]} 3. exd5 {[%clk 01:31:42]} {[%emt 00:00:06]} cxd5 {[%clk
01:31:52]} {[%emt 00:00:03]} 4. c4 {[%clk 01:32:03]} {[%emt 00:00:10]} Nf6
{[%clk 01:32:18]} {[%emt 00:00:03]} 5. Nc3 {[%clk 01:31:37]} {[%emt 00:00:56]}
Nc6 {[%clk 01:32:43]} {[%emt 00:00:06]} 6. Nf3 {[%clk 01:29:07]} {[%emt
00:03:00]} e6 {[%clk 01:32:59]} {[%emt 00:00:13]} 7. Bg5 {[%clk 01:24:04]}
{[%emt 00:05:32]} Be7 {[%clk 01:30:20]} {[%emt 00:03:10]} 8. cxd5 {[%clk
01:19:06]} {[%emt 00:05:29]} Nxd5 {[%clk 01:30:39]} {[%emt 00:00:10]} 9. Bxe7
{[%clk 01:19:06]} {[%emt 00:00:30]} Ncxe7 {[%clk 01:31:01]} {[%emt 00:00:08]}
10. Be2 {[%clk 01:15:32]} {[%emt 00:04:04]} O-O {[%clk 01:25:29]} {[%emt
00:06:02]} 11. O-O {[%clk 01:14:58]} {[%emt 00:01:03]} a6 {[%clk 01:23:39]}
{[%emt 00:02:21]} 12. Rc1 {[%clk 01:11:11]} {[%emt 00:04:17]} b6 {[%clk
01:19:52]} {[%emt 00:04:18]} 13. Ne5 {[%clk 01:05:29]} {[%emt 00:06:12]} f6
{[%clk 01:17:46]} {[%emt 00:02:35]} 14. Nc4 {[%clk 01:03:14]} {[%emt 00:02:45]}
b5 {[%clk 01:06:09]} {[%emt 00:12:07]} 15. Ne3 {[%clk 01:02:27]} {[%emt
00:01:17]} Bb7 {[%clk 01:06:32]} {[%emt 00:00:07]} 16. Bf3 {[%clk 00:57:26]}
{[%emt 00:05:30]} Rc8 {[%clk 00:55:11]} {[%emt 00:11:52]} 17. Re1 {[%clk
00:50:33]} {[%emt 00:07:23]} Nxc3 {[%clk 00:48:15]} {[%emt 00:07:26]} 18. bxc3
{[%clk 00:50:30]} {[%emt 00:00:33]} Bxf3 {[%clk 00:48:41]} {[%emt 00:00:05]}
19. Qxf3 {[%clk 00:50:49]} {[%emt 00:00:09]} Qa5 {[%clk 00:46:39]} {[%emt
00:02:33]} 20. Qe4 {[%clk 00:32:22]} {[%emt 00:18:57]} Qb6 {[%clk 00:29:24]}
{[%emt 00:17:45]} 21. c4 {[%clk 00:19:28]} {[%emt 00:13:24]} bxc4 {[%clk
00:21:07]} {[%emt 00:08:47]} 22. Nxc4 {[%clk 00:18:31]} {[%emt 00:01:27]} Qc6
{[%clk 00:21:23]} {[%emt 00:00:14]} 23. Qxe6+ {[%clk 00:17:16]} {[%emt
00:01:45]} Qxe6 {[%clk 00:21:48]} {[%emt 00:00:05]} 24. Rxe6 {[%clk 00:17:40]}
{[%emt 00:00:06]} Rc7 {[%clk 00:22:15]} {[%emt 00:00:04]} 25. Rd1 {[%clk
00:09:15]} {[%emt 00:08:54]} Kf7 {[%clk 00:20:12]} {[%emt 00:02:33]} 26. Rde1
{[%clk 00:08:47]} {[%emt 00:00:58]} Nf5 {[%clk 00:20:14]} {[%emt 00:00:27]} 27.
Nd6+ {[%clk 00:08:38]} {[%emt 00:00:39]} Nxd6 {[%clk 00:20:39]} {[%emt
00:00:06]} 28. Rxd6 {[%clk 00:09:03]} {[%emt 00:00:05]} Re8 {[%clk 00:21:01]}
{[%emt 00:00:08]} 29. Kf1 {[%clk 00:07:54]} {[%emt 00:01:39]} Rb8 {[%clk
00:20:24]} {[%emt 00:01:07]} 30. Rxa6 {[%clk 00:04:40]} {[%emt 00:03:44]} Rb2
{[%clk 00:20:47]} {[%emt 00:00:06]} 31. Rae6 {[%clk 00:04:47]} {[%emt
00:00:24]} Rxa2 {[%clk 00:21:01]} {[%emt 00:00:16]} 32. d5 {[%clk 00:04:34]}
{[%emt 00:00:43]} Rd2 {[%clk 00:20:53]} {[%emt 00:00:37]} 33. d6 {[%clk
00:03:56]} {[%emt 00:01:09]} Rcc2 {[%clk 00:20:37]} {[%emt 00:00:46]} 34. Re7+
{[%clk 00:04:04]} {[%emt 00:00:23]} Kg6 {[%clk 00:20:55]} {[%emt 00:00:11]} 35.
R7e2 {[%clk 00:04:07]} {[%emt 00:00:27]} Rxe2 {[%clk 00:21:17]} {[%emt
00:00:08]} 36. Rxe2 {[%clk 00:04:31]} {[%emt 00:00:06]} Rc1+ {[%clk 00:21:38]}
{[%emt 00:00:10]} 37. Re1 {[%clk 00:04:55]} {[%emt 00:00:05]} Rxe1+ {[%clk
00:22:04]} {[%emt 00:00:04]} 38. Kxe1 {[%clk 00:05:20]} {[%emt 00:00:05]} Kf7
{[%clk 00:22:29]} {[%emt 00:00:05]} 39. Ke2 {[%clk 00:04:45]} {[%emt 00:01:04]}
Ke6 {[%clk 00:22:55]} {[%emt 00:00:05]} 40. Ke3 {[%clk 00:04:49]} {[%emt
00:00:26]} Kxd6 {[%clk 00:23:20]} {[%emt 00:00:05]} 41. Kf4 {[%clk 00:02:54]}
{[%emt 00:02:24]} Ke6 {[%clk 00:23:19]} {[%emt 00:00:31]} 42. h3 {[%clk
00:25:12]} {[%emt 00:08:13]} g6 {[%clk 00:51:45]} {[%emt 00:02:04]} 43. h4
{[%clk 00:22:30]} {[%emt 00:03:12]} h6 {[%clk 00:50:58]} {[%emt 00:01:17]} 44.
g3 {[%clk 00:16:19]} {[%emt 00:06:40]} Kf7 {[%clk 00:47:35]} {[%emt 00:03:54]}
45. g4 {[%clk 00:13:52]} {[%emt 00:02:57]} Ke7 {[%clk 00:40:53]} {[%emt
00:07:12]} 46. Ke4 {[%clk 00:07:51]} {[%emt 00:06:31]} Kd6 {[%clk 00:35:25]}
{[%emt 00:05:58]} 1/2-1/2

[Event "DVM U16w 2023"]
[Site "Magdeburg GER"]
[Date "2023.12.28"]
[Round "4"]
[White "Brandt, Clara"]
[Black "Czäczine, Laura"]
[Result "0-1"]
[Termination "normal"]
[Board "1.3"]
[WhiteElo "1267"]
[BlackElo "1474"]
[WhiteClock "00:04:26"]
[BlackClock "00:30:16"]
[WhiteTeam "SG Porz"]
[BlackTeam "Chemnitzer SC Aufbau95"]
[PlyCount "126"]
[WhiteFideId "34614737"]
[BlackFideId "16211448"]
[EventCountry "GER"]
[EventRounds "7"]
[EventType "team-swiss"]
[EventDate "2023.12.26"]

1. Nf3 {[%clk 01:30:59]} d5 {[%clk 01:30:52]} {[%emt 00:00:08]} 2. g3 {[%clk
01:31:24]} {[%emt 00:00:06]} c5 {[%clk 01:29:54]} {[%emt 00:01:28]} 3. Bg2
{[%clk 01:31:48]} {[%emt 00:00:05]} Nc6 {[%clk 01:29:57]} {[%emt 00:00:27]} 4.
d4 {[%clk 01:32:12]} {[%emt 00:00:06]} Nf6 {[%clk 01:29:02]} {[%emt 00:01:26]}
5. O-O {[%clk 01:32:08]} {[%emt 00:00:34]} cxd4 {[%clk 01:28:23]} {[%emt
00:01:08]} 6. Nxd4 {[%clk 01:32:30]} {[%emt 00:00:09]} e5 {[%clk 01:28:29]}
{[%emt 00:00:23]} 7. Nxc6 {[%clk 01:32:55]} {[%emt 00:00:05]} bxc6 {[%clk
01:28:53]} {[%emt 00:00:07]} 8. c4 {[%clk 01:33:17]} {[%emt 00:00:08]} Bc5
{[%clk 01:26:12]} {[%emt 00:03:11]} 9. Bg5 {[%clk 01:30:34]} {[%emt 00:03:12]}
Bb7 {[%clk 01:13:23]} {[%emt 00:13:20]} 10. Nc3 {[%clk 01:23:45]} {[%emt
00:07:19]} d4 {[%clk 01:06:47]} {[%emt 00:07:05]} 11. Ne4 {[%clk 01:19:39]}
{[%emt 00:04:36]} Be7 {[%clk 01:06:20]} {[%emt 00:00:53]} 12. Nxf6+ {[%clk
01:14:32]} {[%emt 00:05:41]} gxf6 {[%clk 01:05:25]} {[%emt 00:01:25]} 13. Bd2
{[%clk 01:12:54]} {[%emt 00:02:07]} f5 {[%clk 01:04:55]} {[%emt 00:01:01]} 14.
e3 {[%clk 01:09:31]} {[%emt 00:03:53]} e4 {[%clk 01:00:41]} {[%emt 00:04:45]}
15. exd4 {[%clk 01:06:53]} {[%emt 00:03:08]} Qxd4 {[%clk 01:00:08]} {[%emt
00:01:02]} 16. Bc3 {[%clk 01:06:11]} {[%emt 00:01:12]} Qxd1 {[%clk 01:00:17]}
{[%emt 00:00:21]} 17. Rfxd1 {[%clk 01:05:56]} {[%emt 00:00:45]} Rg8 {[%clk
01:00:30]} {[%emt 00:00:17]} 18. h4 {[%clk 00:58:31]} {[%emt 00:07:55]} c5
{[%clk 00:56:18]} {[%emt 00:04:43]} 19. Kh2 {[%clk 00:54:47]} {[%emt 00:04:14]}
f4 {[%clk 00:55:09]} {[%emt 00:01:38]} 20. Be5 {[%clk 00:43:32]} {[%emt
00:11:45]} fxg3+ {[%clk 00:54:52]} {[%emt 00:00:47]} 21. fxg3 {[%clk 00:41:12]}
{[%emt 00:02:50]} f5 {[%clk 00:53:29]} {[%emt 00:01:53]} 22. Bd6 {[%clk
00:38:33]} {[%emt 00:03:09]} Rg6 {[%clk 00:52:24]} {[%emt 00:01:31]} 23. Bxe7
{[%clk 00:36:03]} {[%emt 00:03:04]} Kxe7 {[%clk 00:52:45]} {[%emt 00:00:08]}
24. Bh3 {[%clk 00:35:44]} {[%emt 00:00:50]} Rf8 {[%clk 00:50:35]} {[%emt
00:02:39]} 25. Rf1 {[%clk 00:34:41]} {[%emt 00:01:33]} Bc8 {[%clk 00:44:50]}
{[%emt 00:06:17]} 26. Rad1 {[%clk 00:32:02]} {[%emt 00:03:09]} Be6 {[%clk
00:43:15]} {[%emt 00:02:03]} 27. b3 {[%clk 00:29:53]} {[%emt 00:02:41]} Rgf6
{[%clk 00:41:01]} {[%emt 00:02:43]} 28. Rf4 {[%clk 00:25:54]} {[%emt 00:04:27]}
Rd8 {[%clk 00:35:27]} {[%emt 00:05:54]} 29. Rxd8 {[%clk 00:19:15]} {[%emt
00:07:20]} Kxd8 {[%clk 00:35:52]} {[%emt 00:00:06]} 30. Rf1 {[%clk 00:17:12]}
{[%emt 00:01:20]} Rf7 {[%clk 00:34:51]} {[%emt 00:02:39]} 31. Kg1 {[%clk
00:10:50]} {[%emt 00:06:57]} Ke7 {[%clk 00:33:09]} {[%emt 00:02:12]} 32. Rf2
{[%clk 00:07:49]} {[%emt 00:03:31]} Kd6 {[%clk 00:31:13]} {[%emt 00:02:26]} 33.
Kf1 {[%clk 00:06:55]} {[%emt 00:01:23]} Ke5 {[%clk 00:31:00]} {[%emt 00:00:42]}
34. Ke2 {[%clk 00:05:45]} {[%emt 00:01:42]} Rd7 {[%clk 00:29:07]} {[%emt
00:02:14]} 35. Bf1 {[%clk 00:02:29]} {[%emt 00:03:55]} Bf7 {[%clk 00:27:36]}
{[%emt 00:01:54]} 36. Ke1 {[%clk 00:02:04]} {[%emt 00:01:01]} Rd6 {[%clk
00:23:17]} {[%emt 00:04:45]} 37. Bh3 {[%clk 00:01:52]} {[%emt 00:00:47]} Be6
{[%clk 00:22:48]} {[%emt 00:00:57]} 38. Rd2 {[%clk 00:01:02]} {[%emt 00:01:22]}
Rxd2 {[%clk 00:18:15]} {[%emt 00:05:03]} 39. Kxd2 {[%clk 00:01:27]} {[%emt
00:00:05]} Kd4 {[%clk 00:18:33]} {[%emt 00:00:11]} 40. Bf1 {[%clk 00:01:17]}
{[%emt 00:00:41]} a5 {[%clk 00:16:18]} {[%emt 00:02:44]} 41. Be2 {[%clk
00:00:41]} {[%emt 00:01:07]} Bd7 {[%clk 00:13:13]} {[%emt 00:03:32]} 42. Bf1
{[%clk 00:29:07]} {[%emt 00:02:06]} Be8 {[%clk 00:41:31]} {[%emt 00:02:10]} 43.
Be2 {[%clk 00:29:09]} {[%emt 00:00:31]} Bg6 {[%clk 00:39:50]} {[%emt 00:02:08]}
44. h5 {[%clk 00:25:29]} {[%emt 00:04:13]} Be8 {[%clk 00:40:01]} {[%emt
00:00:13]} 45. Bd1 {[%clk 00:25:26]} {[%emt 00:00:38]} Bc6 {[%clk 00:38:44]}
{[%emt 00:01:44]} 46. Bc2 {[%clk 00:15:49]} {[%emt 00:10:11]} e3+ {[%clk
00:33:19]} {[%emt 00:05:55]} 47. Ke2 {[%clk 00:15:35]} {[%emt 00:00:44]} Be4
{[%clk 00:33:25]} {[%emt 00:00:24]} 48. Bd1 {[%clk 00:12:56]} {[%emt 00:03:09]}
h6 {[%clk 00:30:55]} {[%emt 00:03:00]} 49. a3 {[%clk 00:12:10]} {[%emt
00:01:16]} Bg2 {[%clk 00:29:33]} {[%emt 00:01:52]} 50. Bc2 {[%clk 00:10:17]}
{[%emt 00:02:23]} Bh3 {[%clk 00:28:57]} {[%emt 00:01:04]} 51. Ke1 {[%clk
00:08:16]} {[%emt 00:02:33]} Bg4 {[%clk 00:28:37]} {[%emt 00:00:48]} 52. b4
{[%clk 00:04:17]} {[%emt 00:04:31]} axb4 {[%clk 00:27:45]} {[%emt 00:01:22]}
53. a4 {[%clk 00:03:15]} {[%emt 00:01:31]} Kxc4 {[%clk 00:27:52]} {[%emt
00:00:23]} 54. Kf1 {[%clk 00:03:23]} {[%emt 00:00:22]} e2+ {[%clk 00:27:21]}
{[%emt 00:01:02]} 55. Ke1 {[%clk 00:03:46]} {[%emt 00:00:08]} b3 {[%clk
00:27:41]} {[%emt 00:00:08]} 56. Bxb3+ {[%clk 00:03:25]} {[%emt 00:00:51]} Kxb3
{[%clk 00:27:56]} {[%emt 00:00:16]} 57. a5 {[%clk 00:03:49]} {[%emt 00:00:06]}
Bf3 {[%clk 00:28:19]} {[%emt 00:00:07]} 58. a6 {[%clk 00:04:01]} {[%emt
00:00:17]} Kc3 {[%clk 00:28:41]} {[%emt 00:00:08]} 59. a7 {[%clk 00:04:07]}
{[%emt 00:00:24]} Kd3 {[%clk 00:29:01]} {[%emt 00:00:09]} 60. Kf2 {[%clk
00:04:23]} {[%emt 00:00:15]} Ba8 {[%clk 00:29:15]} {[%emt 00:00:16]} 61. Ke1
{[%clk 00:04:36]} {[%emt 00:00:18]} c4 {[%clk 00:29:35]} {[%emt 00:00:09]} 62.
g4 {[%clk 00:04:39]} {[%emt 00:00:27]} fxg4 {[%clk 00:29:53]} {[%emt 00:00:13]}
63. Kf2 {[%clk 00:04:26]} {[%emt 00:00:43]} Kd2 {[%clk 00:30:16]} {[%emt
00:00:48]} 0-1